| 000 | 01168cam a22002174a 4500 | ||
|---|---|---|---|
| 005 | 20250605163957.0 | ||
| 008 | 250528s ||||||||||||||||||||||||d | ||
| 035 | _a15495 | ||
| 020 | _a273034154 | ||
| 040 |
_aGR-AtMCL _bgre _dGR-AtMCL _eAACR2 |
||
| 245 | 1 | _aLogistics and Supply Chain Management / Strategies for Reducing Costs and Improving Services | |
| 250 | _a1st | ||
| 260 |
_bPitman Publishing, _c1992 |
||
| 300 | _a234 | ||
| 505 | 0 | _aLogistics and Competitive Strategy, The Customer Service Dimension, Measuring Logistics Costs and Performance, Benchmarking the Supply Chain, Managing the Global Pipeline, Strategic Lead-Time Management, Just-in-Time and Quick Response Logistics, Managing the Supply Chain, Leading-Edge Logistics, Index. | |
| 520 | _aLogistics and Competitive Strategy, The Customer Service Dimension, Measuring Logistics Costs and Performance, Benchmarking the Supply Chain, Managing the Global Pipeline, Strategic Lead-Time Management, Just-in-Time and Quick Response Logistics, Managing the Supply Chain, Leading-Edge Logistics, Index. | ||
| 700 | 1 |
_aChristopher Martin _91431 |
|
| 942 | _cBK | ||
| 999 |
_c1074 _d1074 |
||